000 00289nam a22001337a 4500
008 170621b xxu||||| |||| 00| 0 eng d
020 _a9780415903141
041 _aeng
080 _a32
100 _a20
101 _aSHP
245 _aMOTHERS OF A NEW WORLD
_cKOVEN, S
942 _2udc
_cBK
999 _c18565
_d18565